Možnosti súkromného dôchodkového sporenia na Slovensku bakalárska práca

Enregistré dans:
Détails bibliographiques
Auteur principal: Habiňák, Tomáš
Collectivité auteur: Národohospodárska fakulta EU. Katedra bankovníctva a medzinárodných financií
Autres auteurs: Hudcovský, Jaroslav
Format: Livre
Langue:slovaque
Publié: Bratislava 2015
Tags: Ajouter un tag
Pas de tags, Soyez le premier à ajouter un tag!

MARC

LEADER 00000nbm a2200000 4500
001 0204921
005 20161212094814.4
041 0 |a slo 
044 |a SK 
245 1 0 |a Možnosti súkromného dôchodkového sporenia na Slovensku  |b bakalárska práca  |c Tomáš Habiňák ; školiteľ: Jaroslav Hudcovský 
264 1 |a Bratislava  |c 2015 
300 |a 41 s. 
100 1 |a Habiňák, Tomáš 
700 1 |a Hudcovský, Jaroslav 
710 2 |a Národohospodárska fakulta EU. Katedra bankovníctva a medzinárodných financií